Film Disney'a po kadrze - Click Quiz - Statystyki

Ogólne statystyki
  • Ten quiz został rozwiązany 1 026 razy
  • Średni wynik to 19 z 20
Statystyki odpowiedzi
Hint Odpowiedź % Poprawnych
Kraina Lodu
98%
Aladyn
98%
Piękna i Bestia
98%
Mała Syrenka
98%
101 Dalmatyńczyków
98%
Kopciuszek
97%
Herkules
97%
Król Lew
97%
Pinokio
97%
Bambi
96%
Zaplątani
96%
Vaiana: Skarb oceanu
96%
Księga Dżungli
95%
Zakochany Kundel
95%
Mulan
94%
Pocahontas
94%
Nasze magiczne Encanto
93%
Dumbo
93%
Piotruś Pan
93%
Księżniczka i Żaba
76%
Nie znaleziono quizów pasujących do podanych kryteriów
Rozkład punktacji
Procent ludzi z każdym wynikiem
Percentyl według liczby udzielonych odpowiedzi
Twoja historia wyników
Nie rozwiązałeś tego quizu